00733nam a22002172a 450000100060000000300080000600500170001400800410003103500190007204000370009104100080012808200200013610000460015624500740020226000540027630000270033049000300035765000710038770000210045883000360047919455BD-RjUL20211209000432.0140224r19521945nyua 000 1 eng d a(BD-RjUL)19515 aTXRcTXRdCPTdEQOdBD-RjULbeng aeng04a822.3bDES 19521 aDekker, Thomas,dapproximately 1572-1632.14aThe shoemaker's holiday /cby Thomas Dekker ; edited by Guy N. Pocock aLondon :bMethuen & co.,c1945 [reprinted 1952]. axviii, 93 p. ;c17 cm.0 aMethuen's Enlish Classics1 aEnglish drama (Comedy) -- Early modern and Elizabethan, 1500-1600.1 aWilliams, W. Tom 0aKing's treasuries of literature